000 00410nam a22001457a 4500
005 20251103093044.0
008 251021b |||||||| |||| 00| 0 eng d
020 _a9780316469708
082 _aDFic Se674 2017
100 _aSerle, Rebecca.
_968956
245 _aFamous in love /
_cRebecca Serle.
260 _aNew York :
_bPoppy,
_c©2017.
300 _a320 pages :
_billustrations ;
_c20 cm.
942 _2ddc
_cDFIC
999 _c24093
_d24093